000 01063nam a2200325 4500
999 _c23429
_d23429
001 vtls012147223
005 20221010113251.0
008 220826s2022 xo g 000 f slo
020 _a9788056910405
_q(viazané)
040 _aSVKBB
_bslo
_cSVKBB
_dSNK
_erda
041 0 _aslo
044 _axo
_cSK
072 7 _a821.162.4-3
_xSlovenská próza
_2konspekt
080 _a821.162.4-31
_22011
080 _a82-311.4
_22011
100 1 _aKováčiková, Martina
_4aut
_92164
245 1 0 _aSpútaná životom
_cMartina Kováčiková
250 _a1. vydanie
264 1 _aBratislava
_bMarenčin PT
_c2022
300 _a254 strán
_c21 cm
336 _atext
_btxt
_2rdacontent
337 _abez média
_bn
_2rdamedia
338 _azväzok
_bnc
_2rdacarrier
500 _aObsahuje biografické informácie o autorke
651 7 _aslovenské romány
_2SNKPH
_93644
655 7 _aspoločenské romány
_2SNKPH
_912
655 7 _aSlovak fiction
_2SNKPHeng
_91695
655 7 _aSociety novels
_2SNKPHeng
_93645